<?xml version="1.0" encoding="UTF-8"?><marc:collection xmlns:marc="http://www.loc.gov/MARC21/slim">
  <marc:record>
    <marc:leader>00000nam##2200000za#4500</marc:leader>
    <marc:controlfield tag="001">9.680840</marc:controlfield>
    <marc:controlfield tag="003">CaOODSP</marc:controlfield>
    <marc:controlfield tag="005">20200401074947</marc:controlfield>
    <marc:controlfield tag="007">ta</marc:controlfield>
    <marc:controlfield tag="008">150407|1999||||xxc|||||     f|0| 0 fre|d</marc:controlfield>
    <marc:datafield tag="020" ind1=" " ind2=" ">
      <marc:subfield code="a">0-662-83894-7</marc:subfield>
    </marc:datafield>
    <marc:datafield tag="040" ind1=" " ind2=" ">
      <marc:subfield code="a">CaOODSP</marc:subfield>
      <marc:subfield code="b">fre</marc:subfield>
    </marc:datafield>
    <marc:datafield tag="043" ind1=" " ind2=" ">
      <marc:subfield code="a">n-cn---</marc:subfield>
    </marc:datafield>
    <marc:datafield tag="086" ind1="1" ind2=" ">
      <marc:subfield code="a">H46-2/99-237F</marc:subfield>
    </marc:datafield>
    <marc:datafield tag="110" ind1="1" ind2=" ">
      <marc:subfield code="a">Canada.</marc:subfield>
      <marc:subfield code="b">Santé Canada. </marc:subfield>
      <marc:subfield code="b">Direction de l'hygiène du milieu.</marc:subfield>
    </marc:datafield>
    <marc:datafield tag="245" ind1="1" ind2="0">
      <marc:subfield code="a">Limites d'exposition humaines aux champs de radiofréquences électromagnétiques dans la gamme de fréquences de 3 kHz à 300 GHz : </marc:subfield>
      <marc:subfield code="b">Code de sécurité 6 </marc:subfield>
    </marc:datafield>
    <marc:datafield tag="260" ind1=" " ind2=" ">
      <marc:subfield code="a">Ottawa - Ontario : </marc:subfield>
      <marc:subfield code="b">Santé Canada. </marc:subfield>
      <marc:subfield code="c">1999.</marc:subfield>
    </marc:datafield>
    <marc:datafield tag="300" ind1=" " ind2=" ">
      <marc:subfield code="a">80p. : </marc:subfield>
      <marc:subfield code="b">figures, références ; </marc:subfield>
      <marc:subfield code="c">22 cm.</marc:subfield>
    </marc:datafield>
    <marc:datafield tag="500" ind1=" " ind2=" ">
      <marc:subfield code="a">«Le but du Code est d'établir les règles de sécurité régissant l'installation et l'utilisation des dispositifs à radiofréquences (RF) et à micro-ondes qui fonctionnent sur une gamme de fréquences de 3 kHz à 300 GHz. Les critères d'exposition indiqués dans ce Code ne s'appliquent pas à l'exposition provoquée délibérément pour le traitement des malades par des médecins, ou sous la direction de médecins.»--Préambule. Numéro de rapport antérieur: DHM-TR-160 (1991) et 93-DHM-160 (1993).</marc:subfield>
    </marc:datafield>
    <marc:datafield tag="520" ind1="3" ind2=" ">
      <marc:subfield code="a">Le but du Code est d'établir les règles de sécurité régissant l'installation et l'utilisation des dispositifs à radiofréquences (RF) et à micro-ondes qui fonctionnent sur une gamme de fréquences de 3 kHz à 300 GHz. Les critères d'exposition indiqués dans ce Code ne s'appliquent pas à l'exposition provoquée délibérément pour le traitement des malades par des médecins, ou sous la direction de médecins.--Préambule</marc:subfield>
    </marc:datafield>
    <marc:datafield tag="563" ind1=" " ind2=" ">
      <marc:subfield code="a">Couverture souple</marc:subfield>
    </marc:datafield>
    <marc:datafield tag="590" ind1=" " ind2=" ">
      <marc:subfield code="a">00-06</marc:subfield>
      <marc:subfield code="b">2000-02-11</marc:subfield>
    </marc:datafield>
    <marc:datafield tag="691" ind1="0" ind2="7">
      <marc:subfield code="a">Mesure de sécurité</marc:subfield>
      <marc:subfield code="2">gcpds</marc:subfield>
    </marc:datafield>
    <marc:datafield tag="691" ind1="0" ind2="7">
      <marc:subfield code="a">Radiation</marc:subfield>
      <marc:subfield code="2">gcpds</marc:subfield>
    </marc:datafield>
    <marc:datafield tag="775" ind1="0" ind2="8">
      <marc:subfield code="t">Limits of human exposure to radiofrequency electromagnetic fields in the frequency range from 3 kHz to 300 GHz : </marc:subfield>
      <marc:subfield code="w">(CaOODSP)9.647419</marc:subfield>
    </marc:datafield>
    <marc:datafield tag="776" ind1="0" ind2="#">
      <marc:subfield code="t">Limites d'exposition humaine aux champs de radiofréquences électromagnétiques dans la gamme de fréquences de 3 kHz à 300 GHz : </marc:subfield>
      <marc:subfield code="w">(CaOODSP)9.639544</marc:subfield>
    </marc:datafield>
    <marc:datafield tag="986" ind1=" " ind2=" ">
      <marc:subfield code="a">99-DMH-237</marc:subfield>
    </marc:datafield>
  </marc:record>
</marc:collection>
